| 000 | 01307cam a2200133 4500500 | ||
|---|---|---|---|
| 005 | 20251214012651.0 | ||
| 041 | _afre | ||
| 042 | _adc | ||
| 100 | 1 | 0 |
_aRoques, Sylvie _eauthor |
| 245 | 0 | 0 | _aDans la peau d'un acteur |
| 260 |
_bArmand Colin,
_c2015. |
||
| 520 | _aLumineux, captivant, objet de fantasmes devant attirer tous les regards, l’acteur fascine par son talent si particulier, celui de devenir « autre », de se mettre « dans la peau » d’un personnage, de l’« incarner », dans un incessant et troublant jeu de miroirs. Maquillage, costumes, postiches, masques… le corps de l’acteur, plus que celui de tout autre artiste, devient un élément essentiel de son art. Quel rapport l’acteur entretient-il alors à son enveloppe corporelle ? En prend-il soin ? Quelle valeur accorde-t-il à l’image, à la beauté ? Comment appréhende-t-il la vieillesse ? Pour la première fois, une enquête invite à se mettre « dans la peau » d’un acteur, dans les deux sens du terme, en étudiant subtilement le dédoublement imposé par le jeu et en révélant comme jamais l’importance accordée au corps, dans son étonnante et paradoxale profondeur. | ||
| 856 | 4 | 1 | _uhttps://shs.cairn.info/dans-la-peau-d-un-acteur--9782200294441?lang=fr&redirect-ssocas=7080 |
| 999 |
_c1569810 _d1569810 |
||